Name The Fortnite Villians - Statistics

General Stats
  • This quiz has been taken 9 times
  • The average score is 11 of 20
Answer Stats
Picture Answer % Correct
Jules
100%
Brutus
86%
Cerberus
86%
Midas
86%
Zeus
86%
Hades
71%
Dark Voyager
57%
Doctor Slone
57%
Gunner
57%
Oscar
57%
The Cube Queen
57%
The Ice King
57%
Ares
43%
Kor
43%
Kymera
43%
The Herald
43%
Zyg
43%
IO Guards
29%
Huntmaster Saber
14%
Cube Assasian
0%
No matching quizzes found
Score Distribution
Percent of People with Each Score
Percentile by Number Answered
Your Score History
You have not taken this quiz